The Coal Authority (Record no. 120061)

MARC details
000 -LEADER
fixed length control field 01181cam a2200205 4500
001 - CONTROL NUMBER
control field WS118269
008 - FIXED-LENGTH DATA ELEMENTS--GENERAL INFORMATION
fixed length control field 020531n 000 0 eng u
035 ## - SYSTEM CONTROL NUMBER
System control number (Sirsi) u118269
110 ## - MAIN ENTRY--CORPORATE NAME
Corporate name or jurisdiction name as entry element Coal Authority
9 (RLIN) 3716
245 #4 - TITLE STATEMENT
Title The Coal Authority
520 ## - SUMMARY, ETC.
Summary, etc. Web site for this body established by Parliament to undertake specific statutory responsibilities in association with licensing coal mining in Britain, handling subsidence claims which are not the responsibility of licensed coal operators, dealing with property and historic liability issues such as treatment of minewater discharges and providing public access to information on past and present coal mining operations. Includes the mining report service which enables you to check if a property is affected by coal mining activity, licensing model documents and an explanation of claimant's surveyors fees in subsidence cases.
650 ## - SUBJECT ADDED ENTRY--TOPICAL TERM
Topical term or geographic name entry element COAL MINING
650 ## - SUBJECT ADDED ENTRY--TOPICAL TERM
Topical term or geographic name entry element SUBSIDENCE
650 ## - SUBJECT ADDED ENTRY--TOPICAL TERM
Topical term or geographic name entry element SURVEYORS' FEES
650 ## - SUBJECT ADDED ENTRY--TOPICAL TERM
Topical term or geographic name entry element MODEL DOCUMENTS
650 ## - SUBJECT ADDED ENTRY--TOPICAL TERM
Topical term or geographic name entry element MINEWATER DISCHARGE
690 ## - LOCAL SUBJECT ADDED ENTRY--TOPICAL TERM (OCLC, RLIN)
Topical term or geographic name as entry element MINING AND MINERALS
856 40 - ELECTRONIC LOCATION AND ACCESS
Uniform Resource Identifier <a href="https://www.coal.gov.uk">https://www.coal.gov.uk</a>
Public note View the website free of charge at www.coal.gov.uk...
942 ## - ADDED ENTRY ELEMENTS (KOHA)
Suppress in OPAC 0
Holdings
Withdrawn status Lost status Source of classification or shelving scheme Damaged status Not for loan Home library Current library Shelving location Date acquired Total Checkouts Full call number Barcode Date last seen Copy number Price effective from Koha item type
    Dewey Decimal Classification     Virtual Virtual Online 31/05/2002   WEB SITE 118269-2001 06/08/2019 1 06/08/2019 Online material